| 000 | 00371pab a2200145 454500 | ||
|---|---|---|---|
| 008 | 180718b2015 xxu||||| |||| 00| 0 eng d | ||
| 100 | _aBhardwaj, Atul | ||
| 245 | _aGuarding the e-treasury from cyber companies | ||
| 260 | _c2015 | ||
| 300 | _ap.10-12. | ||
| 362 | _a24 Oct | ||
| 650 | _aData protection | ||
| 773 | _aEconomic and Political Weekly | ||
| 909 | _a109396 | ||
| 999 |
_c109391 _d109391 |
||